Elbing
| Titel: | Elbing |
|---|---|
| Verfasser: | |
| In: |
Die Hanse, (1999), Seite 387-391 alle Artikel anzeigen |
| Veröffentlicht: | 1999 |
| Format: | Aufsatz |
| Sprache: | Deutsch |
X
alg: 39162754 001A $01999:11-11-16 001B $01999:29-03-21 $t21:45:40.000 001D $01999:11-11-16 001U $0utf8 001X $00 002@ $0Aox 003@ $0391627546 007A $0391627546 $aHEB 007T $0Herd81310 010@ $ager 011@ $a1999 021A $aElbing 028A $7139514317 $8Czaja, Roman$Z1960- [Tp1] $9217065910 031A $h387-391 $j1999 039B $aIn $8--Aaxaf--. Die @Hanse. - 3. Auflage. - Lübeck : Schmidt-Römhild, 1999. - 900 Seiten. - Illustrationen, Diagramme, Karten. - ISBN 3-7950-1232-5 $x199900000000000613 $9061546097 045F $a900.943820902 $eDDC23BSB 045F/01 $a900 045F/03 $f0902 045F/03 $g4382 045F/03 $g43832 lok: 39162754 78 exp: 39162754 78 1 #EPN 201B/01 $020-12-17 $t22:59:02.000 201U/01 $0utf8 203@/01 $0787722006 208@/01 $a11-11-16 $be 209A/01 $a/ $f000 $x00 220C/01 $aTitelaufnehmer: cs 244Z/01 $2Trx $#Prusy Wschodnie i Zachodnie $8--Trx--Ost- und Westpreußen $x01 $939113373X 244Z/01 $#Elbing $#Elbing Elbląg $71028071-6 $8--Tg1--Elbląg $x02 $9042042631 244Z/01 $aGeschichte 1237-1487 $x03 244Z/01 $2Trx $#hansaliit $#Hanza $#Hanseatic League $#Hanza-Szövetség $#Hanza $#hanza $#hanza $8--Trx--Hanse $x04 $9391375512 244Z/01 $2Trx $#ülevaated kohad $#vietovės bendras $#overview cities $#ábrázolások, átfogó helyek $#miejscowości poszczególne $#dejiny miestne $#dějiny místní $#Ortsgeschichte $#Städte $#Orte $#miasta $#miestne dejiny $8--Trx--Darstellungen, übergreifende$gOrte $x05 $9391384228 244Z/01 $2Trx $8--Trx--Einzelbeiträge $x06 $9391384570 245Z/01 $a13.03 $x01 245Z/01 $a06.02 $x02 247C/01 $82080>Marburg/Lahn, Herder-Institut, Forschungsbibliothek, Bibliographieportal $9336309341
| LEADER | 00000caa a22000002c 4500 | ||
|---|---|---|---|
| 001 | 391627546 | ||
| 003 | DE-603 | ||
| 005 | 20210329214540.0 | ||
| 007 | tu | ||
| 008 | 161111s1999 xx |||| | u00||u|ger c | ||
| 035 | |a (DE-599)HEB391627546 | ||
| 040 | |a DE-603 |b ger |c DE-603 |d DE-603 | ||
| 041 | |a ger | ||
| 082 | 0 | 4 | |8 1\u |a 900.943820902 |q DE-101 |2 23/BSB |
| 085 | |8 1\u |b 900 | ||
| 085 | |8 1\u |z 1 |s 0902 | ||
| 085 | |8 1\u |z 2 |s 4382 | ||
| 085 | |8 1\u |z 2 |s 43832 | ||
| 100 | 1 | |a Czaja, Roman |d 1960- |0 (DE-603)217065910 |0 (DE-588)139514317 |2 gnd | |
| 245 | 0 | 0 | |a Elbing |
| 264 | 0 | |c 1999 | |
| 773 | 0 | 8 | |i In |t Die Hanse |b 3. Auflage |d Lübeck : Schmidt-Römhild, 1999 |h 900 Seiten, Illustrationen, Diagramme, Karten |z 3795012325 |g (1999), Seite 387-391 |w (DE-603)061546097 |
| 924 | 0 | |9 2080 |a (DE-603)787722006 |b DE-2080 |c HES |d d |g / | |


